[Event "Aeroflot Open 2012 B"]
[Site "Moscow"]
[Date "2012.02.11"]
[Round "5"]
[White "Mikhalevski, Victor"]
[Black "Akshayraj, Kore"]
[Result "1-0"]
[WhiteElo "2525"]
[BlackElo "2386"]
[PlyCount "87"]
[EventDate "2012.02.07"]
[EventType "swiss"]

1. c4 Nf6 2. g3 c6 3. Bg2 d5 4. Nf3 Bf5 5. O-O e6 6. b3 Be7 7. Bb2 O-O 8. d3 h6
9. Nbd2 Bh7 10. Rc1 a5 11. a3 Nbd7 12. Rc2 Bd6 13. cxd5 exd5 14. Nd4 Re8 15.
Bh3 Qe7 16. Qa1 Qf8 17. N2f3 c5 18. Nb5 d4 19. a4 Red8 20. Bg2 Rab8 21. Nd2 Ne5
22. Qc1 b6 23. f4 Neg4 24. Nc4 h5 25. h3 Nh6 26. Nbxd6 Rxd6 27. Nxd6 Qxd6 28.
e4 dxe3 29. Be5 Qf8 30. Bxb8 Qxb8 31. Qxe3 Nf5 32. Qf2 Nd4 33. Rc3 Bf5 34. Re1
Qd6 35. Qe3 Qd7 36. Qe7 Bxh3 37. Qxd7 Bxd7 38. Rc4 Kf8 39. Rxd4 cxd4 40. Bf3 g6
41. Re5 Be8 42. Kf1 Ng8 43. Rd5 Ne7 44. Rd8 1-0

[Event "Aeroflot Open 2012 B"]
[Site "Moscow"]
[Date "2012.02.11"]
[Round "5"]
[White "Tunik, Gennady"]
[Black "Reshetnikov, Alexey"]
[Result "0-1"]
[WhiteElo "2406"]
[BlackElo "2514"]
[PlyCount "138"]
[EventDate "2012.02.07"]
[EventType "swiss"]

1. d4 d5 2. c4 c6 3. Nf3 Nf6 4. Nc3 dxc4 5. a4 e6 6. e3 c5 7. Bxc4 Nc6 8. O-O
cxd4 9. exd4 Be7 10. Qe2 O-O 11. Rd1 Nb4 12. Ne5 Bd7 13. a5 Rc8 14. Bb3 Nfd5
15. Qf3 Bc6 16. Nxc6 bxc6 17. Ne4 Rb8 18. Nd2 Qc7 19. Nc4 Rfd8 20. Bd2 Bf6 21.
Qe4 g6 22. g3 c5 23. dxc5 Na6 24. Qf3 Nxc5 25. Ba2 Qe7 26. Be1 Na4 27. Rac1
Nxb2 28. Nxb2 Bxb2 29. Rb1 Qf6 30. Qxf6 Bxf6 31. Bc4 Kg7 32. a6 Rxb1 33. Rxb1
Nb6 34. Bf1 Rc8 35. Rd1 Bc3 36. Bg2 Bxe1 37. Rxe1 Kf6 38. h4 Ke7 39. Rb1 Rc7
40. Bb7 Nd7 41. Kg2 h6 42. g4 Rc4 43. f3 Nc5 44. Kg3 Kd7 45. g5 hxg5 46. hxg5
Ra4 47. Rd1+ Kc7 48. Rc1 Ra5 49. Kf4 Kd6 50. Rd1+ Ke7 51. Bc8 Rb5 52. Kg4 Rb4+
53. Kg3 Rb8 54. Bb7 Nxb7 55. Rb1 Kd6 56. axb7 Kc6 57. Kf4 Rxb7 58. Rc1+ Kd7 59.
Rd1+ Kc7 60. Rc1+ Kb8 61. Ke5 a5 62. f4 Rb5+ 63. Kd6 Rf5 64. Rb1+ Ka7 65. Kc6
Rxf4 66. Rb7+ Ka8 67. Re7 Kb8 68. Re8+ Ka7 69. Kb5 Kb7 0-1

[Event "Aeroflot Open 2012 B"]
[Site "Moscow"]
[Date "2012.02.11"]
[Round "5"]
[White "Swayams, Mishra"]
[Black "Shyam, Nikil P"]
[Result "0-1"]
[WhiteElo "2386"]
[BlackElo "2482"]
[PlyCount "108"]
[EventDate "2012.02.07"]
[EventType "swiss"]

1. Nf3 c5 2. b3 d6 3. Bb2 e5 4. d3 g6 5. g3 Bg7 6. Bg2 Ne7 7. c4 O-O 8. Nc3
Nbc6 9. Qd2 h6 10. O-O a6 11. Rfd1 Rb8 12. Ne1 Be6 13. Nc2 d5 14. cxd5 Nxd5 15.
Nxd5 Bxd5 16. Bxd5 Qxd5 17. Rac1 b6 18. Qc3 Qd6 19. Qc4 $11 b5 20. Qe4 f5 21.
Qg2 Rbc8 22. Ne3 Rfd8 23. Bc3 h5 24. Nc2 Bh6 25. Bd2 Bxd2 26. Rxd2 c4 27. bxc4
bxc4 28. Ne3 cxd3 29. exd3 Nd4 30. Rxc8 Rxc8 31. Nc4 Qe6 32. Qb7 e4 33. Rb2
exd3 34. Rb6 Qe1+ 35. Kg2 Qe4+ 36. Qxe4 fxe4 37. Ne3 Kg7 38. Rb4 Rd8 39. Ra4 d2
40. Nd1 Rd6 41. h4 Kf6 42. Rb4 Ke5 43. Rb2 Nf5 44. Kf1 e3 45. Ke2 exf2 46. Kxf2
Rd3 47. Rb6 Re3 48. Nb2 Kd4 49. Rxa6 Re1 50. Ra8 Nd6 51. Rd8 Re6 52. Nd1 Kd3
53. Kg2 Ke2 54. Nf2 Rf6 0-1

[Event "Aeroflot Open 2012 B"]
[Site "Moscow"]
[Date "2012.02.11"]
[Round "5"]
[White "Antipov, Mikhail Al"]
[Black "Zhai, Mo"]
[Result "0-1"]
[WhiteElo "2436"]
[BlackElo "2191"]
[PlyCount "166"]
[EventDate "2012.02.07"]
[EventType "swiss"]

1. e4 c5 2. Nf3 Nc6 3. d4 cxd4 4. Nxd4 g6 5. c4 Bg7 6. Be3 Nf6 7. Nc3 O-O 8.
Be2 d6 9. O-O Bd7 10. Qd2 Nxd4 11. Bxd4 Bc6 12. f3 Nd7 13. Be3 a5 14. b3 Nc5
15. Rab1 Qb6 16. Rfc1 Rfc8 17. Rc2 h5 18. Bf1 Kh7 19. a3 Nxb3 20. Qf2 Qxe3 21.
Qxe3 Bd4 22. Kf2 a4 23. Bd3 Bxe3+ 24. Kxe3 Ra5 25. Ne2 Rc5 26. Nd4 Bd7 27. Nxb3
axb3 28. Rd2 Ba4 29. Be2 b5 30. cxb5 Rc3+ 31. Rd3 Rc1 32. Rxc1 Rxc1 33. Rd2
Rc3+ 34. Bd3 e5 35. Ke2 Kg7 36. Rb2 Kf6 37. Kd2 Rc7 38. b6 Rb7 39. Bc4 Rxb6 40.
Kc3 h4 41. Bxb3 Bxb3 42. Rxb3 Rc6+ 43. Kd3 Rc1 44. a4 Ra1 45. Rb4 Ke6 46. Kc3
h3 47. gxh3 Ra3+ 48. Kc4 Rxf3 49. Rb3 Rf4 50. a5 d5+ 51. Kb5 dxe4 52. a6 Rh4
53. Kc6 Rh8 54. Kb7 f5 55. Rc3 f4 56. a7 e3 57. Rc8 Rh7+ 58. Rc7 Rh8 59. Rc8
Rxc8 60. Kxc8 e2 61. a8=Q e1=Q 62. Qc6+ Kf5 63. Kd7 Qd2+ 64. Ke7 Qb4+ 65. Kf7
Qb3+ 66. Ke7 Qa3+ 67. Kf7 Qa7+ 68. Kf8 Qa2 69. Ke7 Qxh2 70. Kf7 Qa2+ 71. Ke7
Qb3 72. Qf6+ Ke4 73. Qxg6+ Kd4 74. Qd6+ Qd5 75. Qb4+ Qc4 76. Qd6+ Ke3 77. Qa3+
Kf2 78. Qb2+ Qe2 79. Qb6+ Kg2 80. h4 f3 81. Qg6+ Kh2 82. Qg4 Qe3 83. h5 f2 0-1

[Event "Aeroflot Open 2012 B"]
[Site "Moscow"]
[Date "2012.02.11"]
[Round "5"]
[White "Guliyev, Namig"]
[Black "Gabuzyan, Hovhannes"]
[Result "0-1"]
[WhiteElo "2545"]
[BlackElo "2402"]
[PlyCount "114"]
[EventDate "2012.02.07"]
[EventType "swiss"]

1. e4 c5 2. Nf3 d6 3. d4 cxd4 4. Nxd4 Nf6 5. Nc3 g6 6. Be3 Bg7 7. f3 a6 8. Qd2
Nbd7 9. g4 b5 10. Nc6 Qc7 11. Nb4 Bb7 12. g5 Nh5 13. Nbd5 Qa5 14. a3 Rc8 15.
Bd4 Ne5 16. Be2 Bxd5 17. b4 Qd8 18. exd5 O-O 19. Ne4 Qd7 20. O-O Qf5 21. Rad1
Nf4 22. Kh1 Nc4 23. Bxc4 Rxc4 24. Bxg7 Kxg7 25. Rfe1 Nh3 26. Qg2 Rfc8 27. c3
Kf8 28. Re3 Nf4 29. Qd2 Qh3 30. Qf2 Nh5 31. Rd2 Qf5 32. Rd1 R8c7 33. Qd2 Qf4
34. Qe2 Ng7 35. Red3 Nf5 36. Rg1 Qe5 37. Re1 Qf4 38. Qf2 h6 39. gxh6 Qxh6 40.
Rg1 Kg7 41. Qe1 Rc8 42. Rg2 Rh8 43. Kg1 Nh4 44. Rf2 Nf5 45. Kf1 Qh3+ 46. Ke2
Qh4 47. Qd2 a5 48. Kd1 axb4 49. cxb4 Rhc8 50. Re2 Qh3 51. Rf2 Kg8 52. Rc3 Qh4
53. Rd3 Qh8 54. Qb2 Qh6 55. Nd2 Rc1+ 56. Ke2 R8c2 57. Qb3 Qf4 0-1

[Event "Aeroflot Open 2012 B"]
[Site "Moscow"]
[Date "2012.02.11"]
[Round "5"]
[White "Nitin, S."]
[Black "Rychagov, Andrey"]
[Result "0-1"]
[WhiteElo "2399"]
[BlackElo "2542"]
[PlyCount "100"]
[EventDate "2012.02.07"]
[EventType "swiss"]

1. e4 c5 2. Nf3 e6 3. d4 cxd4 4. Nxd4 a6 5. Bd3 Bc5 6. Nb3 Be7 7. O-O d6 8. c4
Nf6 9. Nc3 Nbd7 10. Be3 Qc7 11. f4 b6 12. Nd2 Bb7 13. Rc1 Rc8 14. a3 Qb8 15. b4
Qa8 16. Qe2 O-O 17. Bd4 g6 18. e5 Ne8 19. Nde4 Qb8 20. Nf2 Rd8 21. Rcd1 Ng7 22.
Ng4 h5 23. Nf6+ Bxf6 24. exf6 Nf5 25. Bxf5 exf5 26. Nd5 Bxd5 27. cxd5 Qb7 28.
Qf3 Rfe8 29. Qg3 Re4 30. Qg5 Kh7 31. Rf3 Rh8 32. Bf2 Qc7 33. Rfd3 Qc2 34. R3d2
Qc4 35. Qg3 Rhe8 36. Bd4 b5 37. Qf2 Nf8 38. h3 Re2 39. Rxe2 Rxe2 40. Qf3 Re4
41. Qc3 Qxd5 42. Rd2 Qb7 43. Bf2 Ne6 44. Rxd6 Nxf4 45. Qd2 Qc8 46. Rd7 Qc4 47.
Re7 g5 48. Qd8 Rxe7 49. fxe7 Qc1+ 50. Kh2 Qc6 0-1

[Event "Aeroflot Open 2012 B"]
[Site "Moscow"]
[Date "2012.02.11"]
[Round "5"]
[White "Alavkin, Arseny"]
[Black "Arun Prasad, S."]
[Result "0-1"]
[WhiteElo "2383"]
[BlackElo "2530"]
[PlyCount "54"]
[EventDate "2012.02.07"]
[EventType "swiss"]

1. e4 c5 2. c3 d5 3. exd5 Qxd5 4. d4 Nf6 5. Nf3 Bg4 6. dxc5 Qxc5 7. h3 Bh5 8.
Na3 a6 9. Be3 Qc7 10. Qa4+ Nbd7 11. g4 Bg6 12. Bg2 Be4 13. O-O b5 14. Qd1 h5
15. gxh5 Qb7 16. Nc2 Ne5 17. Nce1 Nc4 18. Bd4 Nxb2 19. Qe2 Nc4 20. Nh4 Bxg2 21.
Nexg2 Qe4 22. Qd1 Qd5 23. Bxf6 Qxd1 24. Raxd1 gxf6 25. Nf4 e6 26. Rfe1 Bd6 27.
Nd5 O-O-O 0-1

[Event "Aeroflot Open 2012 B"]
[Site "Moscow"]
[Date "2012.02.11"]
[Round "5"]
[White "Belyakov, Bogdan"]
[Black "Pavlov, Sergey"]
[Result "0-1"]
[WhiteElo "2375"]
[BlackElo "2477"]
[PlyCount "64"]
[EventDate "2012.02.07"]
[EventType "swiss"]

1. e4 c5 2. Nf3 e6 3. d4 cxd4 4. Nxd4 a6 5. Bd3 Nf6 6. Nc3 e5 7. Nde2 Bc5 8.
Ng3 d6 9. h3 h6 10. O-O O-O 11. Kh1 Nc6 12. f4 exf4 13. Bxf4 Ng4 14. Qe1 Qh4
15. Nd5 Nce5 16. Be2 Be6 17. b4 Ba7 18. Bxg4 Nxg4 19. Nf5 Nf2+ 20. Rxf2 Qxf2
21. Qc3 Bxf5 22. Ne7+ Kh7 23. Nxf5 Rg8 24. Bg3 Qb6 25. Bxd6 g6 26. Bc5 Qe6 27.
Ne7 Rg7 28. Nd5 Rc8 29. Nf6+ Kh8 30. Rd1 b6 31. Qd4 bxc5 32. Qd8+ Rg8 0-1

[Event "Aeroflot Open 2012 B"]
[Site "Moscow"]
[Date "2012.02.11"]
[Round "5"]
[White "Ismagambetov, Anuar"]
[Black "Debashis, Das"]
[Result "1-0"]
[WhiteElo "2476"]
[BlackElo "2389"]
[PlyCount "79"]
[EventDate "2012.02.07"]
[EventType "swiss"]

1. d4 d5 2. c4 c6 3. Nf3 Nf6 4. e3 Bf5 5. Nc3 e6 6. Nh4 Bg6 7. Be2 Nbd7 8. O-O
Bd6 9. g3 O-O 10. Nxg6 hxg6 11. Qb3 Rb8 12. Rd1 Qe7 13. Qc2 a6 14. Bd2 b5 15.
c5 Bc7 16. f4 Nh7 17. b4 a5 18. a4 axb4 19. Na2 e5 20. Nxb4 exf4 21. Nxc6 Qe6
22. Nxb8 fxg3 23. hxg3 Qh3 24. Be1 Ng5 25. Nxd7 Bxg3 26. Bxg3 Qxg3+ 27. Kf1
Qh3+ 28. Ke1 Qxe3 29. Ne5 Ne4 30. Qxe4 dxe4 $11 31. Nc6 f5 32. axb5 f4 33. Ne7+
Kh7 34. Nd5 Qg1+ 35. Kd2 Qxd4+ 36. Kc2 Qxc5+ 37. Kb3 Rb8 38. Rh1+ Kg8 39. Bc4
Kf7 40. Nb6+ 1-0

[Event "Aeroflot Open 2012 B"]
[Site "Moscow"]
[Date "2012.02.11"]
[Round "5"]
[White "Munkhgal, Gombosuren"]
[Black "Petrosian, Davit G"]
[Result "0-1"]
[WhiteElo "2340"]
[BlackElo "2476"]
[PlyCount "102"]
[EventDate "2012.02.07"]
[EventType "swiss"]

1. d4 Nf6 2. c4 g6 3. Nc3 Bg7 4. e4 d6 5. f3 O-O 6. Be3 c5 7. Nge2 Nc6 8. d5
Ne5 9. Ng3 e6 10. Be2 exd5 11. cxd5 a6 12. a4 Bd7 13. O-O b5 14. h3 Nc4 15.
Bxc4 bxc4 16. f4 Re8 17. e5 dxe5 18. fxe5 Rxe5 19. Bxc5 Bc6 20. Bd4 Rxd5 21.
Nxd5 Qxd5 22. Rf2 Rd8 23. Bxf6 Qxd1+ 24. Rxd1 Rxd1+ 25. Nf1 Bf8 26. Rd2 Bc5+
27. Kh2 Bd6+ 28. Kg1 Bc5+ 29. Kh2 Rxf1 30. Rd8+ Bf8 31. Be7 Rf2 32. Kg3 Rxg2+
33. Kf4 Re2 34. Rxf8+ Kg7 35. Rc8 Rxe7 36. Rxc6 Rb7 37. Rxa6 Rxb2 38. Rc6 c3
39. a5 Ra2 40. a6 c2 41. Kg3 h5 42. Kf3 Rxa6 43. Rxc2 Ra3+ 44. Kg2 g5 45. Rc6
f6 46. Rc5 Ra2+ 47. Kg3 h4+ 48. Kf3 Rh2 49. Kg4 Kg6 50. Ra5 Rg2+ 51. Kf3 Rg3+
0-1

[Event "Aeroflot Open 2012 B"]
[Site "Moscow"]
[Date "2012.02.11"]
[Round "5"]
[White "Hernandez, Alexander"]
[Black "Gladyszev, Oleg"]
[Result "1/2-1/2"]
[WhiteElo "2270"]
[BlackElo "2458"]
[PlyCount "45"]
[EventDate "2012.02.07"]
[EventType "swiss"]

1. e4 c5 2. Nf3 Nc6 3. d4 cxd4 4. Nxd4 Nf6 5. Nc3 e5 6. Ndb5 d6 7. Bg5 a6 8.
Bxf6 gxf6 9. Na3 b5 10. Nd5 Bg7 11. c3 f5 12. exf5 Bxf5 13. Nc2 Be6 14. Nce3
Ne7 15. Be2 Nxd5 16. Nxd5 O-O 17. O-O Rc8 18. a4 Rc5 19. Nb4 a5 20. Nd3 Rd5 21.
Bf3 Rxd3 22. Qxd3 Bc4 23. Qf5 $11 1/2-1/2

[Event "Aeroflot Open 2012 B"]
[Site "Moscow"]
[Date "2012.02.11"]
[Round "5"]
[White "Krapivin, Alexander"]
[Black "Gomes, Mary Ann"]
[Result "1-0"]
[WhiteElo "2445"]
[BlackElo "2377"]
[PlyCount "67"]
[EventDate "2012.02.07"]
[EventType "swiss"]

1. e4 c5 2. Nc3 a6 3. g3 b5 4. Bg2 Bb7 5. d3 d6 6. f4 g6 7. Be3 Bg7 8. Qd2 Nc6
9. Nf3 b4 10. Nd1 Nf6 11. h3 a5 12. O-O O-O 13. g4 a4 14. a3 b3 15. c3 c4 16.
e5 dxe5 17. fxe5 Nd5 18. d4 f6 19. Bh6 fxe5 20. Bxg7 Kxg7 21. Ne3 Nf4 22. d5
Na5 23. Nxe5 Nxg2 24. Rxf8 Qxf8 25. Rf1 Nf4 26. Rxf4 Qxf4 27. Nf5+ Qxf5 28.
gxf5 Rf8 29. fxg6 hxg6 30. Qg5 Rf6 31. Ng4 Rf7 32. Qh6+ Kg8 33. Qxg6+ Kf8 34.
Qb6 1-0

[Event "Aeroflot Open 2012 B"]
[Site "Moscow"]
[Date "2012.02.11"]
[Round "5"]
[White "Mohota, Nisha"]
[Black "Badmatsyrenov, Oleg"]
[Result "1/2-1/2"]
[WhiteElo "2323"]
[BlackElo "2445"]
[PlyCount "153"]
[EventDate "2012.02.07"]
[EventType "swiss"]

1. c4 g6 2. g3 Bg7 3. Bg2 e5 4. Nc3 f5 5. d3 Nf6 6. e3 O-O 7. Nge2 d6 8. Rb1
Qe8 9. O-O Nc6 10. b4 Nd8 11. b5 g5 12. f4 gxf4 13. exf4 Ne6 14. fxe5 dxe5 15.
Rxf5 Nf4 16. Rxf4 exf4 17. Bxf4 Qh5 18. d4 Bf5 19. Rc1 Rae8 20. Qf1 Ng4 21. h3
Ne3 22. Qf3 Qxf3 23. Bxf3 Bxh3 24. c5 Bg4 25. Bxg4 Nxg4 26. c6 bxc6 27. bxc6
Rf7 28. Rc2 Ne3 29. Rb2 Nf5 30. Rd2 Bf8 31. Nb5 a6 32. Nxc7 Rc8 33. Ne6 Bb4 34.
Rb2 a5 35. c7 Rd7 36. a3 Bxa3 37. Rb5 Kf7 38. Nd8+ Kg6 39. Rxa5 Bd6 40. Ne6 Kf6
41. Nc5 Bxc5 42. Rxc5 Ne7 43. Nc3 Ke6 44. Re5+ Kf7 45. Rc5 Ke6 46. Nb5 Ra8 47.
Kg2 Nc8 48. Re5+ Kf7 49. d5 Ra2+ 50. Kh3 Rc2 51. Rf5+ Ke8 52. d6 Rc4 53. Rf6
Rg7 54. Bh6 Rg8 55. Bf4 Rc5 56. Nd4 Rd5 57. Nc6 Rg6 58. Rxg6 hxg6 59. Nb8 Rxd6
60. Bxd6 Nxd6 61. Kg4 Ke7 62. Kg5 Nc8 63. Kxg6 Kd6 64. Na6 Kc6 65. Kf6 Kb7 66.
Nc5+ Kxc7 67. Ne4 Kd7 68. g4 Ke8 69. g5 Kf8 70. Nc5 Nd6 71. Ne6+ Kg8 72. g6
Ne4+ 73. Kf5 Nd6+ 74. Kg5 Ne4+ 75. Kh6 Nd6 76. Nc7 Nf7+ 77. gxf7+ 1/2-1/2

[Event "Aeroflot Open 2012 B"]
[Site "Moscow"]
[Date "2012.02.11"]
[Round "5"]
[White "Diermair, Andreas"]
[Black "Karavade, Eesha"]
[Result "1/2-1/2"]
[WhiteElo "2429"]
[BlackElo "2354"]
[PlyCount "142"]
[EventDate "2012.02.07"]
[EventType "swiss"]

1. Nf3 Nf6 2. c4 g6 3. g3 Bg7 4. Bg2 d5 5. cxd5 Nxd5 6. Nc3 O-O 7. O-O Nc6 8.
d4 Nb6 9. e3 Re8 10. Re1 a5 11. Qe2 Be6 12. Nd2 Nb4 13. Rd1 c6 14. a3 N4d5 15.
Nce4 Bf5 16. Nc5 e5 17. e4 exd4 18. Qf3 Qe7 19. Nd3 Be6 20. h3 a4 21. Nf1 Nc7
22. Bd2 c5 23. Rac1 Na6 24. Re1 Rac8 25. Nf4 Bb3 26. e5 Rb8 27. Nh2 Nc4 28. Nd5
Qe6 29. Ng4 Nxd2 30. Ndf6+ Kh8 31. Qf4 Red8 32. Qxd2 c4 33. Ne4 Qe7 34. Qf4 Nc7
35. Nd6 Ne6 36. Nxf7+ Kg8 37. Nfh6+ Kh8 38. Nf7+ Kg8 39. Nfh6+ Bxh6 40. Qxh6 d3
41. Nf6+ Kh8 42. Bd5 Rxd5 43. Nxd5 Qg5 44. Qxg5 Nxg5 45. Red1 Bxd1 46. Rxd1
Nf3+ 47. Kg2 Nxe5 48. Nb6 Rd8 49. f4 Rd6 50. Nxa4 Nc6 51. Nc5 Nd4 52. Kf2 b6
53. Ne4 Re6 54. Ke3 Nc2+ 55. Kf3 b5 56. Nc3 b4 57. axb4 Nxb4 58. Ra1 Nc2 59.
Ra8+ Kg7 60. Rc8 Rb6 61. Rxc4 Rxb2 62. Rc7+ Kg8 63. Rd7 Ne1+ 64. Ke3 Rg2 65.
Ne4 Re2+ 66. Kd4 d2 67. Nf6+ Kf8 68. Nxh7+ Ke8 69. Nf6+ Kf8 70. Nh7+ Ke8 71.
Nf6+ Kf8 1/2-1/2

[Event "Aeroflot Open 2012 B"]
[Site "Moscow"]
[Date "2012.02.11"]
[Round "5"]
[White "Le, Quang Long"]
[Black "Cori T., Deysi"]
[Result "1/2-1/2"]
[WhiteElo "2316"]
[BlackElo "2415"]
[PlyCount "133"]
[EventDate "2012.02.07"]
[EventType "swiss"]

1. d4 f5 2. c4 Nf6 3. g3 g6 4. Bg2 Bg7 5. Nf3 O-O 6. O-O d6 7. Nc3 c6 8. Qd3
Na6 9. Rd1 Qe8 10. d5 e5 11. dxe6 Bxe6 12. Ng5 Rd8 13. Nxe6 Qxe6 14. Be3 Ng4
15. Bxa7 Ne5 16. Qe3 Qxc4 17. Nd5 Rf7 18. b3 Qg4 19. f4 Nd7 20. Bf3 Qh3 21.
Rac1 Kf8 22. Nc3 Re7 23. Qf2 Nf6 24. Bb6 Rdd7 25. Bg2 Qh6 26. h3 Bh8 27. Bd4
Nc7 28. Qf3 Ne6 29. Bf2 d5 30. b4 Rf7 31. b5 g5 32. bxc6 bxc6 33. fxg5 Nxg5 34.
Bc5+ Kg8 35. Qf4 Bg7 36. Rb1 Rd8 37. h4 Ne6 38. Qxh6 Bxh6 39. Bb6 Rb8 40. Bf2
Rc8 41. Rb6 Re7 42. Rdb1 d4 43. Rb8 Ree8 44. Rxc8 Rxc8 45. Na4 Ne4 46. Bh3 Rf8
47. Rb6 Be3 48. Bxe3 dxe3 49. Rb3 Nd4 50. Rxe3 Ra8 51. Bxf5 Nd2 52. Be6+ Nxe6
53. Rxe6 Rxa4 54. Rxc6 Ne4 55. g4 Rxa2 56. Rc8+ Kg7 57. Rc7+ Kg6 58. Rc6+ Kf7
59. Rc7+ Ke6 60. Rxh7 Rxe2 61. Rh8 Ke5 62. Rg8 Ra2 63. h5 Ra3 64. h6 Rg3+ 65.
Kf1 Rh3 66. Rg5+ Kd4 67. Rh5 1/2-1/2

[Event "Aeroflot Open 2012 B"]
[Site "Moscow"]
[Date "2012.02.11"]
[Round "5"]
[White "Petrosyan, Manuel"]
[Black "Kanter, Eduard"]
[Result "0-1"]
[WhiteElo "2205"]
[BlackElo "2414"]
[PlyCount "138"]
[EventDate "2012.02.07"]
[EventType "swiss"]

1. e4 c5 2. Nf3 d6 3. d4 cxd4 4. Nxd4 Nf6 5. Nc3 g6 6. Be3 Bg7 7. f3 O-O 8. Qd2
Nc6 9. O-O-O Bd7 10. g4 Rc8 11. h4 Ne5 12. h5 Qa5 13. Nb3 Qc7 14. Be2 b5 15.
hxg6 fxg6 16. g5 b4 17. Nd5 Nxd5 18. Qxd5+ e6 19. Qd2 Nxf3 20. Bxf3 Rxf3 21.
Bd4 e5 22. Bc5 dxc5 23. Qxd7 Qxd7 24. Rxd7 Rg3 25. Rxa7 Rxg5 26. a4 bxa3 27.
bxa3 c4 28. Nc5 Rh5 29. Rxh5 gxh5 30. Ne6 Bf6 31. Kd1 h4 32. Ke2 c3 33. Kf3 Rc6
34. Nc7 Bg5 35. Nd5 Rh6 36. Ra8+ Kf7 37. Ra7+ Ke8 38. Ra6 Rxa6 39. Nc7+ Kd7 40.
Nxa6 Kc6 41. Nb4+ Kc5 42. Nd5 Kd4 43. a4 Bd8 44. Nb4 Kc4 45. Nd3 Bc7 46. a5 Kb5
47. Kg4 Kxa5 48. Kxh4 Ka4 49. Kg4 Ka3 50. Kf3 Ka2 51. Ke2 Kb1 52. Ne1 h5 53.
Kd3 Kb2 54. Ng2 Bb6 55. Nh4 Bf2 56. Nf3 Bg3 57. Ng5 h4 58. Nh3 Be1 59. Ng1 Bd2
60. Nh3 Be3 61. Kxe3 Kxc2 62. Ng1 Kb2 63. Ne2 c2 64. Kf3 c1=Q 65. Nxc1 Kxc1 66.
Kg4 Kd2 67. Kxh4 Ke3 68. Kg3 Kxe4 69. Kf2 Kd3 0-1

[Event "Aeroflot Open 2012 B"]
[Site "Moscow"]
[Date "2012.02.11"]
[Round "5"]
[White "Ovod, Evgenija"]
[Black "Savitskiy, Sergey"]
[Result "1/2-1/2"]
[WhiteElo "2412"]
[BlackElo "2301"]
[PlyCount "74"]
[EventDate "2012.02.07"]
[EventType "swiss"]

1. d4 Nf6 2. c4 g6 3. Nc3 Bg7 4. e4 d6 5. Nf3 O-O 6. h3 Na6 7. Be3 c5 8. g4 Qa5
9. Nd2 cxd4 10. Nb3 Qc7 11. Bxd4 Be6 12. Nd5 Bxd5 13. exd5 e5 14. Be3 Nd7 15.
Be2 Nac5 16. Nxc5 Nxc5 17. b4 Nd7 18. Rc1 a5 19. a3 axb4 20. axb4 f5 21. gxf5
gxf5 22. c5 f4 23. cxd6 Qd8 24. Bc5 b6 25. Bg4 bxc5 26. Rg1 f3 27. Qd2 cxb4 28.
Be6+ Kh8 29. Rxg7 Kxg7 30. Bxd7 Qxd7 31. Qg5+ Kh8 32. Rc7 Ra1+ 33. Kd2 Ra2+ 34.
Kc1 Ra1+ 35. Kb2 Ra2+ 36. Kb1 Ra1+ 37. Kb2 Ra2+ 1/2-1/2

[Event "Aeroflot Open 2012 B"]
[Site "Moscow"]
[Date "2012.02.11"]
[Round "5"]
[White "Garcia, Jan Emmanuel"]
[Black "Papp, Petra"]
[Result "1-0"]
[WhiteElo "2409"]
[BlackElo "2269"]
[PlyCount "85"]
[EventDate "2012.02.07"]
[EventType "swiss"]

1. c4 Nf6 2. Nc3 e5 3. g3 Bb4 4. Bg2 O-O 5. e4 Bxc3 6. dxc3 d6 7. Ne2 a5 8. O-O
a4 9. Rb1 Be6 10. b3 Nbd7 11. f4 axb3 12. axb3 Nc5 13. Qc2 Bd7 14. fxe5 dxe5
15. Bg5 Ra6 16. b4 Ba4 17. Qc1 Nb3 18. Qc2 Nd4 19. Qd2 Ne6 20. Qxd8 Rxd8 21.
Bxf6 gxf6 22. Rxf6 Nf4 23. Rxa6 Nxe2+ 24. Kf2 Nxc3 25. Rxa4 Nxa4 26. Ke3 Rd4
27. c5 Nc3 28. Rb3 Na2 29. b5 Nb4 30. Rc3 Kf8 31. Bf1 Ke7 32. b6 cxb6 33. cxb6
Nc6 34. Bb5 Rd8 35. Bxc6 Rc8 36. Kd3 bxc6 37. Kc4 Ra8 38. Kc5 Kd7 39. Rd3+ Kc8
40. Kxc6 Ra6 41. Rd5 f6 42. g4 h6 43. h3 1-0

[Event "Aeroflot Open 2012 B"]
[Site "Moscow"]
[Date "2012.02.11"]
[Round "5"]
[White "Kreisl, Robert"]
[Black "Ivana Maria, Furtado"]
[Result "1/2-1/2"]
[WhiteElo "2406"]
[BlackElo "2065"]
[PlyCount "77"]
[EventDate "2012.02.07"]
[EventType "swiss"]

1. Nf3 Nf6 2. g3 e6 3. Bg2 d5 4. O-O Be7 5. c4 O-O 6. b3 c5 7. Bb2 Nc6 8. e3 b6
9. Nc3 Bb7 10. cxd5 Nxd5 11. Nxd5 Qxd5 12. d4 Rad8 13. Ne5 Qd6 14. dxc5 Qxc5
15. Nd7 Qf5 16. e4 Qg5 17. h4 Qh6 18. Bc1 g5 19. hxg5 Qg7 $11 20. e5 Kh8 21.
Bf4 Ba3 22. Rb1 f5 23. exf6 Qxd7 24. Qh5 Qf7 25. g6 Qxg6 26. Qxg6 hxg6 27. b4
a5 28. bxa5 Nxa5 29. Bxb7 Nxb7 30. Rxb6 Bd6 $11 31. Bh6 Rf7 32. Kg2 Kg8 33. Rh1
Rh7 34. Bg5 Rf8 35. Rhb1 Nc5 36. Kf3 Rh5 37. Be3 Rf5+ 38. Ke2 R5xf6 39. Bd4 $11
1/2-1/2

[Event "Aeroflot Open 2012 B"]
[Site "Moscow"]
[Date "2012.02.11"]
[Round "5"]
[White "Szabo, Bence"]
[Black "Kunin, Vitaly"]
[Result "0-1"]
[WhiteElo "2330"]
[BlackElo "2537"]
[PlyCount "64"]
[EventDate "2012.02.07"]
[EventType "swiss"]

1. Nf3 d6 2. d4 g6 3. c4 Bg7 4. e4 Nc6 5. d5 Nb8 6. h3 Nd7 7. Bd3 e6 8. O-O Ne7
9. Qc2 O-O 10. Nc3 Nc5 11. Be3 Nxd3 12. Qxd3 b6 13. dxe6 fxe6 14. e5 Rxf3 15.
gxf3 Bxe5 16. Bd4 Nc6 17. Bxe5 Nxe5 18. Qe4 Rb8 19. f4 Bb7 20. Qe3 Nf3+ 21. Kg2
Qf6 22. Ne4 Bxe4 23. Qxe4 Nd2 24. Qc6 Nxf1 25. Qxc7 Rf8 26. Rxf1 Qxf4 27. Qxa7
Rf5 28. Qb8+ Kg7 29. Qb7+ Kh6 30. b3 d5 31. f3 Rg5+ 32. Kh1 Qg3 0-1

[Event "Aeroflot Open 2012 B"]
[Site "Moscow"]
[Date "2012.02.11"]
[Round "5"]
[White "Soumya, Swaminathan"]
[Black "Gomez, John Paul"]
[Result "1-0"]
[WhiteElo "2280"]
[BlackElo "2506"]
[PlyCount "75"]
[EventDate "2012.02.07"]
[EventType "swiss"]

1. e4 e6 2. d4 d5 3. e5 c5 4. c3 Nc6 5. Nf3 Bd7 6. Be2 Nge7 7. Na3 Ng6 8. h4
cxd4 9. cxd4 Bb4+ 10. Kf1 h6 11. h5 Nf8 12. Rh3 f5 13. exf6 Qxf6 14. Nb5 Rc8
15. a3 Be7 16. Nh2 a6 17. Rf3 Qh4 18. Kg1 Nh7 19. g3 Qxh5 20. Rf8+ Kxf8 21.
Bxh5 axb5 22. Nf3 g5 23. Nh4 Kg7 24. Ng6 Rhg8 25. Nxe7 Nxe7 26. Be2 Nf5 27. Bd2
Nf6 28. Bb4 Be8 29. g4 Nh4 30. Bd6 Bg6 31. Be5 Bc2 32. Qd2 Be4 33. Qb4 Rgf8 34.
f3 Rc4 35. Qe7+ Rf7 36. Bxf6+ Kg6 37. Qe8 Bxf3 38. Be5 1-0

[Event "Aeroflot Open 2012 B"]
[Site "Moscow"]
[Date "2012.02.11"]
[Round "5"]
[White "Atalik, Ekaterina"]
[Black "Yuffa, Daniil"]
[Result "1-0"]
[WhiteElo "2481"]
[BlackElo "2323"]
[PlyCount "89"]
[EventDate "2012.02.07"]
[EventType "swiss"]

1. d4 Nf6 2. c4 g6 3. Nc3 Bg7 4. e4 d6 5. Be2 O-O 6. Bg5 Na6 7. Qc2 h6 8. Bd2
c5 9. d5 e6 10. dxe6 Bxe6 11. Rd1 Nb4 12. Qc1 Kh7 13. Nf3 Bg4 14. Bf4 Qa5 15.
O-O Rfe8 16. h3 Nxa2 17. Nxa2 Bxf3 18. Bxf3 Qxa2 19. Qc2 Nd7 20. e5 Nxe5 21.
Bd5 Qa6 22. Bd2 b5 23. Ra1 Qc8 24. Bxa8 Qxa8 25. cxb5 Qb7 26. Bc3 Re7 27. Rfe1
Qxb5 28. f4 Nc6 29. Rxe7 Nxe7 30. Bxg7 Kxg7 31. Qc3+ f6 32. Rxa7 Qe2 33. f5
gxf5 34. Qg3+ Kf7 35. Qxd6 Qe1+ 36. Kh2 f4 37. Qd5+ Kg6 38. Qf3 Qe5 39. Ra4 Nd5
40. Re4 Qg5 41. Rc4 Ne3 42. Rxf4 Qe5 43. Qe4+ Qxe4 44. Rxe4 Nf1+ 45. Kg1 1-0

[Event "Aeroflot Open 2012 B"]
[Site "Moscow"]
[Date "2012.02.11"]
[Round "5"]
[White "Baghdasaryan, Vahe"]
[Black "Pratyusha, Bodda"]
[Result "1-0"]
[WhiteElo "2393"]
[BlackElo "2142"]
[PlyCount "107"]
[EventDate "2012.02.07"]
[EventType "swiss"]

1. e4 e5 2. Nf3 Nc6 3. Bb5 a6 4. Ba4 Nf6 5. d3 d6 6. c3 g6 7. Nbd2 Bg7 8. Nf1
O-O 9. Ne3 b5 10. Bc2 Re8 11. O-O Bb7 12. Re1 d5 13. exd5 Nxd5 14. Nxd5 Qxd5
15. Bb3 Qd7 16. Ng5 Nd8 17. a4 Qc6 18. Qg4 h6 19. Ne4 Ne6 20. Bxh6 Bxh6 21. Bd5
Qb6 22. Nf6+ Kg7 23. a5 Qa7 24. Nxe8+ Rxe8 25. Bxb7 Qxb7 26. Rxe5 Rd8 27. d4 b4
28. Rd1 bxc3 29. bxc3 Qb3 30. Qf3 c5 31. d5 Ng5 32. Qd3 Ne6 33. h4 Rd6 34. Qf3
Nf4 35. g4 Nh3+ 36. Kg2 Nf4+ 37. Kh1 Kh7 38. Re7 Kg8 39. g5 Bf8 40. Re5 f6 41.
Re8 f5 42. Rd2 Qc4 43. Kg1 Kf7 44. Ra8 Nxd5 45. h5 Qh4 46. hxg6+ Rxg6 47. Qxf5+
Nf6 48. Rd7+ Be7 49. Rxe7+ Kxe7 50. Ra7+ Kd6 51. Rxa6+ Ke7 52. Qe6+ Kf8 53.
Ra8+ Kg7 54. Qe7# 1-0